00286nam a22001217a 4500003000400000008004100004020001800045100001600063245003800079250001100117260002800128300000800156OSt240130b |||||||| |||| 00| 0 eng d a9788181592828 aGOPINATH,MN aBanking Principles and Operations a7th Ed aMumbaibShowwhitec2017 a804